Umelá inteligencia v praxi
Umelá inteligencia v súčasnom svete a v našom živote. Princípy fungovania a využitia umelej inteligencie a ako môže umelá inteligencia pomôcť súčasnému človeku.
Gespeichert in:
| 1. Verfasser: | |
|---|---|
| Weitere Verfasser: | |
| Format: | Buchkapitel |
| Sprache: | Slowakisch |
| Schlagworte: | |
| Tags: |
Keine Tags, Fügen Sie das erste Tag hinzu!
|
MARC
| LEADER | 00000naa a2200000 4500 | ||
|---|---|---|---|
| 001 | 0217213 | ||
| 005 | 20231208114810.3 | ||
| 041 | 0 | |a slo | |
| 044 | |a SK | ||
| 245 | 1 | 0 | |a Umelá inteligencia v praxi |c Michal Gregor, Milan Botka |
| 520 | |a Umelá inteligencia v súčasnom svete a v našom živote. Princípy fungovania a využitia umelej inteligencie a ako môže umelá inteligencia pomôcť súčasnému človeku. | ||
| 610 | 2 | 0 | |a inteligencia umelá |
| 610 | 2 | 0 | |a roboty |
| 610 | 2 | 0 | |a robotizácia |
| 610 | 2 | 0 | |a digitalizácia |
| 610 | 2 | 0 | |a technológie informačné |
| 610 | 2 | 0 | |a technológie komunikačné |
| 610 | 2 | 0 | |a siete neurónové |
| 100 | 1 | |a Gregor, Michal | |
| 700 | 1 | |a Botka, Milan | |